Misa por el alma de Muñoz Grandes
Publicado:
San Jorge, núm. 79 - 80 (3r i 4rt trimestre 1970), pàg 115 :
MARC
| LEADER | 00000nam a2200000Ia 4500 | ||
|---|---|---|---|
| 001 | |||
| 008 | 160829s9999 xx 000 0 cat d | ||
| 245 | |a Misa por el alma de Muñoz Grandes | ||
| 260 | |a San Jorge, núm. 79 - 80 (3r i 4rt trimestre 1970), pàg 115 | ||
| 650 | |a Muñoz Grandes, Agustín |9 21565 | ||
| 650 | 0 | |a Missa de difunts |9 21304 | |
| 901 | |a Arxiu | ||
| 942 | |n 1 | ||
| 952 | |0 0 |1 0 |4 0 |7 1 |9 52048 |a Arxiu |b Arxiu |d 2016-12-01 |l 0 |r 2016-12-01 00:00:00 |w 2016-12-01 |y ARXIU | ||
| 999 | |c 55896 |d 55896 | ||